| 000 | 01142nam a22002177a 4500 | ||
|---|---|---|---|
| 999 |
_c62402 _d62402 |
||
| 003 | Ge_BSU | ||
| 005 | 20241022173952.0 | ||
| 008 | 241022s1970 ge ||||| |||| 00| 0 geo d | ||
| 041 | _ageo | ||
| 080 | _a611(075.8) თ-52 | ||
| 100 |
_aთვალაძე, გიორგი. _923492 |
||
| 245 |
_aადამიანის ანატომია: _bნაწ. 2: სახელმძღვანელო ფიზიკური კულტურის ინსტიტუტის სტუდენტებისათვის / _cგიორგი თვალაძე, რედ.ლ. გუგუნავა, ნ.ფავლენიშვილი. |
||
| 250 | _aმე-3 გამოცემა | ||
| 264 |
_aთბილისი : _bგანათლება, _c 1970. |
||
| 300 |
_a362 გვ. : _bილ. |
||
| 653 | _aადამიანის ანატომია | ||
| 653 | _aმედიცინა | ||
| 700 |
_aგუგუნავა, ლ _eრედაქტორი _923493 |
||
| 700 |
_aფავლენიშვილი, ნ _eრედაქტორი _93115 |
||
| 942 |
_2udc _cBK |
||